00705nam a2200217 a 450000100060000000300080000600500170001400800410003103500190007204000270009104100080011808200290012610000230015524500700017826000490024830000340029741000540033150400250038565000230041083000540043373024BD-RjUL20211209082335.0170527s1967 pk b b 000 0 eng d a(BD-RjUL)73242 aDLCcDLCdBD-RjULbeng aeng00a598.095492223bERS 19671 aer-Rashid, Haroun.10aSystematic list of the birds of East Pakistan /cHaroun Er-Rashid aDacca :bAsiatic Society of Pakistan,c1967. avii, 144 p. :bill. ;c25 cm.20aAsiatic Society of Pakistan.tPublicationvno. 20 aBibliography: p. 17. 0aBirdszBangladesh. aAsiatic Society of Pakistan.; Publicationvno. 20